[Event "NEP-ch Seniors 5th"]
[Site "Kathmandu"]
[Date "2022.11.06"]
[Round "3"]
[White "Shrestha, Rajendra Prasad"]
[Black "Kepchhaki, Jeet Bahadur"]
[Result "1-0"]
[WhiteElo "1764"]
[BlackElo "1622"]
[PlyCount "149"]
[EventDate "2022.11.05"]
[EventType "swiss"]
[EventRounds "7"]
[EventCountry "NEP"]
[SourceTitle "CBM 211 Extra"]
[Source "ChessBase"]
[SourceDate "2023.01.31"]
[SourceVersion "1"]
[SourceVersionDate "2023.01.31"]
[SourceQuality "1"]

1. e4 c5 2. Nf3 Nc6 3. d4 cxd4 4. Nxd4 g6 5. Be3 Bg7 6. Nc3 a6 7. Qd2 Qa5 8. 0-0-0 d6 9. Kb1 Bd7 10. Bc4 b5 11. Bb3 Ne5 12. f3 Nc4 13. Qd3 Rc8 14. Bc1 Nf6 15. g4 Ne5 16. Qd2 Qb6 17. a3 b4 18. Na4 Bxa4 19. Bxa4+ Nfd7 20. Qxb4 Qc7 21. h3 0-0 22. f4 Nc4 23. Nc6 Ndb6 24. Nd4 Nxa4 25. Qxa4 Rb8 26. Nb3 Rfc8 27. Rh2 Nb6 28. Qa5 Qc4 29. Qe1 Qb5 30. Qe2 Nc4 31. Rd5 Qb6 32. a4 e6 33. Rd3 Qb4 34. a5 Rb5 35. h4 Nxa5 36. Bd2 Qa4 37. Bxa5 Rxa5 38. Nxa5 Qxa5 39. Ra3 Qb6 40. Rb3 Qc6 41. h5 a5 42. e5 Qc5 43. Rb5 Qg1+ 44. Ka2 dxe5 45. fxe5 Qd4 46. h6 Bf8 47. Rxa5 Rb8 48. c3 Qb6 49. Ra4 Qb3+ 50. Kb1 Qxa4 51. g5 Ba3 52. Qc2 Rxb2+ 53. Qxb2 Bxb2 54. Rxb2 Kf8 55. Rb8+ Ke7 56. Rb7+ Kd8 57. Rxf7 Qe4+ 58. Kb2 Qxe5 59. Rxh7 Qxg5 60. Rh8+ Ke7 61. h7 Qb5+ 62. Kc2 Qf5+ 63. Kb2 Qf7 64. Rb8 Qf2+ 65. Kb3 Qf1 66. h8Q Qb1+ 67. Kc4 Qa2+ 68. Rb3 Qa4+ 69. Rb4 Qa2+ 70. Kd3 Qa6+ 71. Ke3 Qa7+ 72. Qd4 Qc7 73. Qg7+ Kd6 74. Qxc7+ Kxc7 75. Rg4 1-0

[Event "NEP-ch Seniors 5th"]
[Site "Kathmandu"]
[Date "2022.11.05"]
[Round "1"]
[White "Shrestha, Janardan"]
[Black "Kepchhaki, Jeet Bahadur"]
[Result "1/2-1/2"]
[WhiteElo "1873"]
[BlackElo "1622"]
[PlyCount "131"]
[EventDate "2022.11.05"]
[EventType "swiss"]
[EventRounds "7"]
[EventCountry "NEP"]
[SourceTitle "CBM 211 Extra"]
[Source "ChessBase"]
[SourceDate "2023.01.31"]
[SourceVersion "1"]
[SourceVersionDate "2023.01.31"]
[SourceQuality "1"]

1. e4 c5 2. Nf3 Nc6 3. d4 cxd4 4. Nxd4 g6 5. Nc3 Bg7 6. Be3 a6 7. Be2 Qa5 8. 0-0 Nf6 9. a3 0-0 10. Qd2 d5 11. Nxc6 bxc6 12. e5 Nd7 13. f4 e6 14. b4 Qd8 15. Na4 f6 16. Nc5 Qe8 17. Nxd7 Bxd7 18. Bc5 Rf7 19. Qe3 a5 20. c3 axb4 21. cxb4 Ra4 22. Bd1 Ra8 23. a4 fxe5 24. fxe5 Rxf1+ 25. Kxf1 Qf7+ 26. Kg1 Qf5 27. Bd6 Bf8 28. Bxf8 Rxf8 29. Be2 Qc2 30. Bf3 Qb2 31. Qe1 Rf5 32. Rb1 Qd4+ 33. Qf2 Qxe5 34. b5 cxb5 35. axb5 Qb8 36. b6 e5 37. Bxd5+ Kg7 38. Qc5 Kh6 39. Qc7 Qxc7 40. bxc7 e4 41. Bxe4 Rc5 42. Rb7 Bc8 43. Ra7 Kg5 44. Kf2 Kf4 45. Bd3 Ke5 46. Ke3 Kd6 47. Ba6 Ra5 48. Ra8 Re5+ 49. Kf4 Rf5+ 50. Ke3 Re5+ 51. Kf2 Rf5+ 52. Kg1 Bxa6 53. Rxa6+ Kxc7 54. Ra7+ Kd6 55. Rxh7 Ke6 56. g4 Rf4 57. h3 Rb4 58. Kg2 Rb3 59. Ra7 Kf6 60. Ra4 Kg5 61. Ra8 Kh4 62. Rh8+ Kg5 63. Kf2 Rc3 64. Ke2 Rb3 65. Kd2 Ra3 66. Kc2 1/2-1/2

[Event "Hetauda Metropolitan-ch U21"]
[Site "Hetauda"]
[Date "2021.03.24"]
[Round "1"]
[White "Kepchhaki, Jeet Bahadur"]
[Black "Lama, Surbir"]
[Result "0-1"]
[WhiteElo "1674"]
[BlackElo "1965"]
[PlyCount "82"]
[EventDate "2021.03.24"]
[EventType "swiss"]
[EventRounds "7"]
[EventCountry "NEP"]
[SourceTitle "EXT 2022"]
[Source "ChessBase"]
[SourceDate "2021.10.06"]
[SourceVersion "1"]
[SourceVersionDate "2021.10.06"]
[SourceQuality "1"]

1. e4 d5 2. exd5 Qxd5 3. Nc3 Qd6 4. Nf3 Bg4 5. h3 Bh5 6. Be2 c6 7. d4 e6 8. Be3 Nf6 9. a3 Nbd7 10. Qd2 Qc7 11. Ng5 Bg6 12. Bf3 Nb6 13. Be2 Bd6 14. Nf3 Nbd5 15. Nxd5 Nxd5 16. c4 Nxe3 17. Qxe3 Qa5+ 18. Nd2 Bb4 19. Rd1 Bxd2+ 20. Rxd2 0-0 21. 0-0 Rfd8 22. b4 Qc7 23. Bf3 Rd7 24. Rfd1 h6 25. Bg4 Rad8 26. d5 cxd5 27. cxd5 Qb6 28. Qb3 Kh7 29. Qf3 Rd6 30. h4 exd5 31. h5 Be4 32. Bf5+ Kg8 33. Qg4 Bxf5 34. Qxf5 d4 35. Rd3 Rd5 36. Qh3 Qb5 37. g4 Qc4 38. Qf3 Rg5 39. Qf4 f5 40. Rg3 fxg4 41. Rxg4 Qe2 0-1

[Event "Budha Bhandari Memorial"]
[Site "Budhanilkantha"]
[Date "2019.11.14"]
[Round "9"]
[White "Sun, Furong"]
[Black "Kepchhaki, Jeet Bahadur"]
[Result "1-0"]
[WhiteElo "1966"]
[BlackElo "1664"]
[PlyCount "22"]
[EventDate "2019.11.09"]
[EventType "swiss"]
[EventRounds "9"]
[EventCountry "NEP"]
[SourceTitle "CBM 193 Extra"]
[Source "ChessBase"]
[SourceDate "2020.01.31"]
[SourceVersion "1"]
[SourceVersionDate "2020.01.31"]
[SourceQuality "1"]

1. d4 d5 2. Bf4 Nf6 3. e3 e6 4. Bd3 c5 5. c3 Nc6 6. Nd2 c4 7. Bc2 Bd6 8. Bg3 Be7 9. Ngf3 b5 10. 0-0 0-0 11. Qe2 Bb7 1-0

[Event "Budha Bhandari Memorial"]
[Site "Budhanilkantha"]
[Date "2019.11.13"]
[Round "7"]
[White "Takahashi, Ryunosuke"]
[Black "Kepchhaki, Jeet Bahadur"]
[Result "1-0"]
[WhiteElo "1640"]
[BlackElo "1664"]
[PlyCount "42"]
[EventDate "2019.11.09"]
[EventType "swiss"]
[EventRounds "9"]
[EventCountry "NEP"]
[SourceTitle "CBM 193 Extra"]
[Source "ChessBase"]
[SourceDate "2020.01.31"]
[SourceVersion "1"]
[SourceVersionDate "2020.01.31"]
[SourceQuality "1"]

1. c4 c5 2. Nc3 Nc6 3. Nf3 Nd4 4. e3 Nxf3+ 5. Qxf3 Nf6 6. d4 cxd4 7. exd4 e6 8. Bd3 Be7 9. 0-0 0-0 10. Re1 Rb8 11. Bf4 d6 12. c5 Ra8 13. b4 dxc5 14. dxc5 Qd4 15. a3 g6 16. Nb5 Qd8 17. Bc4 Nd5 18. Rad1 Qd7 19. Bxd5 exd5 20. Nc7 b6 21. Nxa8 Bb7 1-0

[Event "Budha Bhandari Memorial"]
[Site "Budhanilkantha"]
[Date "2019.11.11"]
[Round "4"]
[White "Kepchhaki, Jeet Bahadur"]
[Black "Muhammad, Shahzad"]
[Result "0-1"]
[WhiteElo "1664"]
[BlackElo "1922"]
[PlyCount "86"]
[EventDate "2019.11.09"]
[EventType "swiss"]
[EventRounds "9"]
[EventCountry "NEP"]
[SourceTitle "CBM 193 Extra"]
[Source "ChessBase"]
[SourceDate "2020.01.31"]
[SourceVersion "1"]
[SourceVersionDate "2020.01.31"]
[SourceQuality "1"]

1. e4 c5 2. Nc3 a6 3. Nf3 d6 4. d4 cxd4 5. Nxd4 Nf6 6. Be2 e5 7. Nf3 h6 8. a3 Be6 9. 0-0 Be7 10. h3 Nbd7 11. Nh4 Rc8 12. Nf5 Bxf5 13. exf5 Qc7 14. Be3 b5 15. Rc1 Nb6 16. Bxb6 Qxb6 17. Nd5 Nxd5 18. Qxd5 0-0 19. Bd3 Rc5 20. Qe4 Bf6 21. c3 Rfc8 22. Bb1 d5 23. Qe2 d4 24. Qf3 dxc3 25. bxc3 Qa5 26. c4 Rxc4 27. Rxc4 bxc4 28. Qb7 Rd8 29. Ba2 Qb5 30. Qc7 Rd4 31. Rb1 Qd5 32. Rb8+ Kh7 33. Qc8 Bd8 34. Bxc4 Rd1+ 35. Kh2 Qd4 36. Qc6 Qf4+ 37. g3 Qxf2+ 38. Qg2 Qd4 39. Bxf7 Rd2 40. Bg6+ Kg8 41. Be8 e4 42. Rb4 Rxg2+ 43. Kxg2 Qd2+ 0-1